David Tennant - Crowley or the Doctor? - Statistics

General Stats
  • This quiz has been taken 83 times
  • The average score is 12 of 15
Answer Stats
Question Answer % Correct
How did he get in? Intruder window? The Doctor
98%
"We could have been... us" Crowley
96%
No sorry, that's the lion king- but my point still stands. The Doctor
87%
You won’t enjoy dying, definitely won’t enjoy what comes after Crowley
85%
Dolphins, that's ma point. Crowley
83%
Oh, you've redecorated! I don't like it. The Doctor
78%
I think you look like giants The Doctor
76%
You chose it. A psychiatrist's field day. The Doctor
76%
And did you know what's better than an entire army? Me! The Doctor
74%
No, don't do that. No really don't. The Doctor
74%
Seems legit to meee! Crowley
70%
Detox! I must do that more often. The Doctor
70%
Millions of galaxies, trillions of stars, oodles of... everything- it's not just put here to twinkle! Crowley
67%
You're Human incarnate Crowley
63%
Laudanum, hooowheeee! Last time I do that! Crowley
59%
No matching quizzes found
Score Distribution
Percent of People with Each Score
Percentile by Number Answered
Your Score History
You have not taken this quiz